| 000 | 01799nam a2200313 i 4500 | ||
|---|---|---|---|
| 001 | 186384 | ||
| 003 | ES-MaACL | ||
| 005 | 20250920063116.0 | ||
| 008 | 161103s1928 sp a |||| | spa d | ||
| 080 | _a821.134.2.09 | ||
| 100 | 1 |
_aNervo, Amado, _d1870-1919 _985404 |
|
| 245 | 1 | 3 |
_aLa lengua y la literatura / _cAmado Nervo ; [texto al cuidado de Alfonso Reyes ; ilustraciones de Marco]. |
| 260 |
_aMadrid : _bBiblioteca Nueva, _c[1928] |
||
| 300 |
_a2 v. (305, 317 p.) : _bil. ; _c19 cm. |
||
| 490 | 1 |
_aObras completas de Amado Nervo ; _v22-23 |
|
| 500 | _aReferencias al Ateneo de Madrid: Primera parte, p. 55-65: Bernardo G. de Candamo, secretario primero de la Sección de Literatura (referencias sobre su trabajo "Opiniones literarias"); p. 159-163: Emilia Pardo Bazán, presidenta de la Sección Literaria del Ateneo, que ha organizado las llamadas "conferencias autocríticas"; p. 264: Veladas líricas. | ||
| 500 | _aReferencias al Ateneo de Madrid: Segunda parte, p. 30 y 267: Velada del 4 de noviembre con la infanta Paz y constitución de "La Academia de la Poesía Española" | ||
| 596 | _aEjemp. numerados n. 0006 y 2233. | ||
| 610 | 2 | 4 |
_aAteneo de Madrid- _vHistoria- _vRelatos personales _91926 |
| 610 | 2 | 4 |
_aAteneo de Madrid. _bSección de Literatura. _91997 |
| 650 | 0 | 7 |
_aLengua española _2embne _914115 |
| 650 | 4 |
_aLiteratura española- _xHistoria y crítica _914560 |
|
| 700 | 1 |
_aReyes, Alfonso, _d1889-1959 _996554 |
|
| 700 | 1 |
_aMarco, Fernando. _976462 |
|
| 700 | 1 |
_aCandamo, Bernardo G. de, _d1881-1967 _934440 |
|
| 830 | 0 |
_aObras completas de Amado Nervo ; _v22-23 _9181423 |
|
| 852 |
_aES-MaACL _jA-5052-53 _z- Enc. tela roja Calleja _z. - Donat. de la Junta de Intercambio y Adquisición de Libros para Bibliotecas Públicas |
||
| 999 |
_c186384 _d186384 |
||